<?xml version="1.0" encoding="UTF-8"?>
<record
    xmlns:xsi="http://www.w3.org/2001/XMLSchema-instance"
    xsi:schemaLocation="http://www.loc.gov/MARC21/slim http://www.loc.gov/standards/marcxml/schema/MARC21slim.xsd"
    xmlns="http://www.loc.gov/MARC21/slim">

  <leader>00809nam a2200265zi 4500</leader>
  <datafield tag="999" ind1=" " ind2=" ">
    <subfield code="c">7678</subfield>
    <subfield code="d">7678</subfield>
  </datafield>
  <controlfield tag="001">991060897816806706</controlfield>
  <controlfield tag="003">OSt</controlfield>
  <controlfield tag="005">20230328133304.0</controlfield>
  <controlfield tag="008">220103s2022    spc          |||| 0 cat|c</controlfield>
  <datafield tag="017" ind1=" " ind2=" ">
    <subfield code="a">DL B 20566-2022</subfield>
    <subfield code="b">Biblioteca de Catalunya</subfield>
  </datafield>
  <datafield tag="020" ind1=" " ind2=" ">
    <subfield code="a">9788417796730</subfield>
  </datafield>
  <datafield tag="040" ind1=" " ind2=" ">
    <subfield code="a">ES-BaBM</subfield>
    <subfield code="b">cat</subfield>
    <subfield code="e">rda</subfield>
    <subfield code="c">CDMR</subfield>
  </datafield>
  <datafield tag="100" ind1="1" ind2=" ">
    <subfield code="a">Batista Viladrich, Antoni</subfield>
    <subfield code="9">4247</subfield>
  </datafield>
  <datafield tag="245" ind1="1" ind2="4">
    <subfield code="a">Els Portaveus de D&#xE9;u /</subfield>
    <subfield code="c">Antoni Batista</subfield>
  </datafield>
  <datafield tag="264" ind1=" " ind2="1">
    <subfield code="a">Barcelona :</subfield>
    <subfield code="b">Fragmenta Editorial,</subfield>
    <subfield code="c">2022</subfield>
  </datafield>
  <datafield tag="300" ind1=" " ind2=" ">
    <subfield code="a">175 p&#xE0;gines ;</subfield>
    <subfield code="c">21 cm.</subfield>
  </datafield>
  <datafield tag="490" ind1="1" ind2=" ">
    <subfield code="a">Assaig ;</subfield>
    <subfield code="v">74</subfield>
  </datafield>
  <datafield tag="600" ind1="1" ind2="7">
    <subfield code="a">Mouttapa, Jean.</subfield>
    <subfield code="2">lemac</subfield>
  </datafield>
  <datafield tag="650" ind1=" " ind2="0">
    <subfield code="a">Religi&#xF3; i premsa</subfield>
    <subfield code="9">3101</subfield>
  </datafield>
  <datafield tag="650" ind1=" " ind2="0">
    <subfield code="a">Mitjans de comunicaci&#xF3; de massa en la religi&#xF3;</subfield>
    <subfield code="9">4513</subfield>
  </datafield>
  <datafield tag="830" ind1=" " ind2="0">
    <subfield code="a">Assaig (Fragmenta Editorial) ;</subfield>
    <subfield code="v">74</subfield>
  </datafield>
  <datafield tag="908" ind1=" " ind2=" ">
    <subfield code="a">BMON</subfield>
    <subfield code="a">CLR</subfield>
  </datafield>
  <datafield tag="940" ind1=" " ind2=" ">
    <subfield code="a">BMON</subfield>
  </datafield>
  <datafield tag="942" ind1=" " ind2=" ">
    <subfield code="2">udc</subfield>
    <subfield code="c">MON</subfield>
  </datafield>
  <datafield tag="952" ind1=" " ind2=" ">
    <subfield code="0">0</subfield>
    <subfield code="1">0</subfield>
    <subfield code="4">0</subfield>
    <subfield code="7">0</subfield>
    <subfield code="a">CDMR</subfield>
    <subfield code="b">CDMR</subfield>
    <subfield code="d">2023-03-28</subfield>
    <subfield code="e">Donaci&#xF3;</subfield>
    <subfield code="g">19.00</subfield>
    <subfield code="l">0</subfield>
    <subfield code="o">Ca 1/56</subfield>
    <subfield code="p">CDMR23010001</subfield>
    <subfield code="r">2023-03-28</subfield>
    <subfield code="w">2023-03-28</subfield>
    <subfield code="y">MON</subfield>
  </datafield>
</record>
